Carta de las Naciones Unidas y estatuto de la Corte Internacional de Justicia

Spremljeno u:
Bibliografski detalji
Autor kompanije: NU. Servicios de Información Pública
Format: Tekst
Izdano: Nueva York, N.Y.: Naciones Unidas
Oznake: Dodaj oznaku
Bez oznaka, Budi prvi tko označuje ovaj zapis!

MARC

LEADER 00000 a a2200000 04500
001 15727
003
040
090 |a 014500  
110 |a NU. Servicios de Información Pública  
245 |a Carta de las Naciones Unidas y estatuto de la Corte Internacional de Justicia  
260 |a Nueva York, N.Y.:   |b Naciones Unidas  
300 |a 5; 98 p.  
999 |c 6459  |d 6459